Least Corrupt Countries outside Europe - Statistics

General Stats
  • This quiz has been taken 167 times
    19 since last reset
  • The average score is 13 of 20
Answer Stats
Continent, rank (score out of 100) Answer % Correct
North America #15 (75) Canada
100%
Oceania #10 (77) Australia
95%
Oceania #4 (83) New Zealand
95%
South America #32 (63) Chile
89%
Asia #3 (84) Singapore
89%
Asia #25 (67) Taiwan
89%
Asia #20 (71) Japan
84%
North America #28 (65) United States
84%
Asia #30 (64) South Korea
79%
Asia #17 (special admin area) (74) Hong Kong
74%
South America #13 (76) Uruguay
74%
Asia #30 (64) Israel
58%
Africa #18 (72) Seychelles
58%
Asia #23 (68) United Arab Emirates
47%
North America #28 (65) Bahamas
42%
Africa #36 (60) Dominica
42%
Africa #35 (62) Cape Verde
37%
North America #23 (68) Barbados
32%
Asia #18 (72) Bhutan
32%
North America #32 (63) Saint Vincent and the Grenadines
26%
No matching quizzes found
Score Distribution
Percent of People with Each Score
Percentile by Number Answered
Your Score History
You have not taken this quiz since the last reset